Bilecik Bilecik Bilecik Bilecik Bilecik

15 soruda 15 Avrupa Birliği politikası/ (Record no. 37531)

MARC details
000 -BAŞLIK
Sabit Uzunluktaki Kontrol Alanı 03461nam a22004817a 4500
001 - KONTROL NUMARASI
Control Dosyası 0037673
003 - KONTROL NUMARASI KİMLİĞİ
Kontrol Alanı KOHA_MİRAKIL
005 - EN SON İŞLEM TARİHİ ve ZAMANI
Kontrol Alanı 20260207003036.0
007 - FİZİKSEL TANIM SABİT ALAN - GENEL BİLGİ
Sabit uzunluklu kontrol alanı ta
008 - SABİT UZUNLUKTAKİ VERİ ÖGELERİ - GENEL BİLGİ
Sabit Alan 120621b2004 tu |||gr||||#||||0|tur |
040 ## - KATALOGLAMA KAYNAĞI
Özgün Kataloglama Kurumu TR-BiSEU
Kataloglama Dili tur
Çeviri Kurumu TR-BiSEU
Açıklama Kuralları rda
041 0# - DİL KODU
Metin ya da ses kaydının dil kodu tur
044 ## - YAYINLAYAN/ÜRETEN KURULUŞUN ÜLKE KODU
ISO country code tu
050 ## - SINIFLAMA ve YER NUMARASI
Sınıflama Numarası HC241.2
Yer Numarası .A97 2004
245 0# - ESER ADI BİLDİRİMİ
Başlık 15 soruda 15 Avrupa Birliği politikası/
Sorumluluk Bildirimi İktisadi Kalkınma Vakfı.
264 #1 - ÜRERİM, YAYIN, DAĞITIM ve TELİF BİLDİRİMİ
Yayın yeri İstanbul :
Yayınlayan İktisadi Kalkınma Vakfı
Yayın tarihi 2004
300 ## - FİZİKSEL TANIMLAMA
Sayfa, Cilt vb. 15 kitapçık. ;
Boyutları 26 cm.
336 ## - İÇERİK TÜRÜ
Content type term metin
Content type code txt
Source rdacontent
337 ## - MEDYA TÜRÜ
Media type term aracısız
Media type code n
Source rdamedia
338 ## - TAŞIYICI TÜRÜ
Carrier type term cilt
Carrier type code nc
Source rdacarrier
490 0# - DİZİ BİLDİRİMİ
Dizi Bildirimi İktisadi Kalkınma Vakfı yayınları 15 soruda 15 AB politikası serisi
505 ## - İÇİNDEKİLER NOTU
İçindekiler Notu 1. Avrupa Birliği'nin rekabet politikası.
650 #0 - KONU BAŞLIĞI EK GİRİŞ - KONU TERİMİ
Konusal terim veya coğrafi ad Avrupa Ekonomik Topluluğu.
9 (RLIN) 18391
650 #0 - KONU BAŞLIĞI EK GİRİŞ - KONU TERİMİ
Konusal terim veya coğrafi ad Avrupa Birliği. Rekabet--Avrupa Birliği ülkeleri.
9 (RLIN) 70514
650 #0 - KONU BAŞLIĞI EK GİRİŞ - KONU TERİMİ
Konusal terim veya coğrafi ad Tarım ve devlet--Avrupa Birliği ülkeleri.
9 (RLIN) 20087
650 #0 - KONU BAŞLIĞI EK GİRİŞ - KONU TERİMİ
Konusal terim veya coğrafi ad Vergilendirme--Avrupa Birliği ülkeleri.
9 (RLIN) 16226
650 #0 - KONU BAŞLIĞI EK GİRİŞ - KONU TERİMİ
Konusal terim veya coğrafi ad Bölge planlaması--Avrupa Birliği ülkeleri.
9 (RLIN) 70515
650 #0 - KONU BAŞLIĞI EK GİRİŞ - KONU TERİMİ
Konusal terim veya coğrafi ad Küçük işletmeler--Avrupa Birliği ülkeleri.
9 (RLIN) 20039
650 #0 - KONU BAŞLIĞI EK GİRİŞ - KONU TERİMİ
Konusal terim veya coğrafi ad Çevre politikası--Avrupa Birliği ülkeleri.
9 (RLIN) 20079
650 #0 - KONU BAŞLIĞI EK GİRİŞ - KONU TERİMİ
Konusal terim veya coğrafi ad Tüketicinin korunması--Avrupa Birliği ülkeleri.
9 (RLIN) 70516
650 #0 - KONU BAŞLIĞI EK GİRİŞ - KONU TERİMİ
Konusal terim veya coğrafi ad Ticaret politikası.
9 (RLIN) 7611
650 #0 - KONU BAŞLIĞI EK GİRİŞ - KONU TERİMİ
Konusal terim veya coğrafi ad Balıkçılık politikası--Avrupa Birliği ülkeleri.
9 (RLIN) 70517
650 #0 - KONU BAŞLIĞI EK GİRİŞ - KONU TERİMİ
Konusal terim veya coğrafi ad İşçi politikası--Avrupa Birliği ülkeleri.
9 (RLIN) 70518
650 #0 - KONU BAŞLIĞI EK GİRİŞ - KONU TERİMİ
Konusal terim veya coğrafi ad Telekomünikasyon politikası--Avrupa Birliği ülkeleri.
9 (RLIN) 70519
650 #0 - KONU BAŞLIĞI EK GİRİŞ - KONU TERİMİ
Konusal terim veya coğrafi ad Yayın politikası--Avrupa Birliği ülkeleri.
9 (RLIN) 70520
650 #0 - KONU BAŞLIĞI EK GİRİŞ - KONU TERİMİ
Konusal terim veya coğrafi ad Sosyal politika.
9 (RLIN) 13138
650 #0 - KONU BAŞLIĞI EK GİRİŞ - KONU TERİMİ
Konusal terim veya coğrafi ad Enerji politikası--Avrupa Birliği ülkeleri.
9 (RLIN) 70521
650 #0 - KONU BAŞLIĞI EK GİRİŞ - KONU TERİMİ
Konusal terim veya coğrafi ad Kentsel ulaşım politikası--Avrupa Birliği ülkeleri.
9 (RLIN) 70522
650 #0 - KONU BAŞLIĞI EK GİRİŞ - KONU TERİMİ
Konusal terim veya coğrafi ad Bilim ve devlet--Avrupa Birliği ülkeleri.
9 (RLIN) 70523
650 #0 - KONU BAŞLIĞI EK GİRİŞ - KONU TERİMİ
Konusal terim veya coğrafi ad European Economic Community.European Union.Competition--European Union countries.Agriculture and state--European Union countries.Taxation--European Union countries.Regional planning--European Union countries.Small business--European Union countries.Environmental policy--European Union countries.Consumer protection--European Union countries.Commercial policy.Fishery policy--European Union countries.Labor policy--European Union countries.Telecommunication policy--European Union countries.Broadcasting policy--European Union countries.Social policy.Energy policy--European Union countries.Urban transportation policy--European Union countries.Science and state--European Union countries.
9 (RLIN) 70524
830 0# - SERİ EK GİRİŞİ - TEKBİÇİM ESER ADI
Tekbiçim Başlık İktisadi Kalkınma Vakfı yayınları 15 soruda 15 AB politikası serisi
9 (RLIN) 70525
942 ## - EK GİRİŞ ÖGELERİ (KOHA)
Source of classification or shelving scheme Library of Congress Classification
Koha item type Book
505 ## - İÇİNDEKİLER NOTU
-- 2. Avrupa Birliği'nin ortak tarım politikası.
-- 3. Avrupa Birliği'nin vergi politikası
-- 4. Avrupa Birliği'nin bölgesel politikası
-- 5. Avrupa Birliği'nin KOBİ politikası.
-- 6. Avrupa Birliği'nin çevre politikası.
-- 7. Avrupa Birliği'nin tüketici politikası.
-- 8. Avrupa Birliği'nin ortak ticaret politikası
-- 9. Avrupa Birliği'nin ortak balıkçılık politikası.
-- 10.Avrupa Birliği'nin sanayi politikası
-- 11.Avrupa Birliği'nin telekomünikasyon ve görsel-işitsel politikası
-- 12. Avrupa Birliği'nin sosyal politikası.
-- 13. Avrupa Birliği'nin enerji politikas
-- 14. Avrupa Birliği'nin ulaştırma politikası.
-- 15. Avrupa Birliği'nin bilim ve araştırma politikası.
Holdings
Materyal Türü Kalıcı Konum Mevcut Konum Raf Yeri Koleksiyon Kodu Sınıflandırma Kaynağı Edinim Bilgisi Ana Konular Alt Konular Yer Numarası Demirbaş Numarası Fatura Tarihi Geri Çekilme Durumu Kayıp Durumu Hasarlı Durumu Kredi için değil Kayıt Tarih Toplam Ödünçverme Son Görülme Tarihi Son Kontrol Tarihi Genel / Bağış Notu
Danışma Kaynakları Prof. Dr. Azmi Özcan Kütüphanesi Prof. Dr. Azmi Özcan Kütüphanesi Uluğbey Salonu Referans Library of Congress Classification Bağış SOSYAL BİLİMLER Ekonomi Tarihi ve Koşulları HC241.2 .A97 2004 0037673 02/02/2026       Ödünç verilmez 21/06/2012   05/12/2024 05/12/2024 Genel Bağış